01216nam a2200337 a 450000100060000000300080000600500170001400600190003100700150005000800410006502000180010603500210012404000300014505000220017508000120019708200120020910000240022124501100024526000460035530000110040153301620041258800680057465000240064265000190066665000300068565000240071565500270073971000180076685600770078499900170086124488FlNmELB20241216214154.0m o d | cr cn|||||||||210111s2010 cl o 000 0 spa d z9789562847001 a(OCoLC)847712932 aFINmELBcFINmELBdFINmELB 4aPQ8085bM953 2010 a860(83)04a8682221 aMujica B, Máximo.13aLa historia de Gracielah[recurso electronico] :bun caso real de indolencia médica /cMáximo Mujica. aSantiago de Chile :bRIL editores,c2010. a208 p. aRecurso electrónico. Santa Fe, Arg.: elibro, 2015. Disponible vía World Wide Web. El acceso puede estar limitado para las bibliotecas afiliadas a elibro. aDescripción basada en el editor de metadatos y otras fuentes. 4aLiteratura chilena. 4aProsa chilena. 0aChilean prose literature. 0aChilean literature. 4aLibros electrónicos.2 aelibro, Corp.40uhttps://elibro.net/ereader/politecnicointernacional/68095zClick to View c24488d24488